000
00298nam a22001337a 4500
008
170322b xxu||||| |||| 00| 0 eng d
020
_a
9780781702973
041
_a
eng
080
_a
616.9
100
_a
7
101
_a
SHM
245
_a
VIRAL PATHOGENESIS
_c
NATHANSON, N
942
_2
udc
_c
BK
999
_c
8413
_d
8413